| 000 | 00586nam a2200181 a 4500 | ||
|---|---|---|---|
| 005 | 20140412111228.0 | ||
| 008 | 010529s19uu xx 00 eng d | ||
| 020 | _a1-57064-077-7 | ||
| 050 |
_aER _bL32 1996 |
||
| 100 | _aLarsen, Margie | ||
| 245 |
_aBarney: plays nose to toes / _cwritten by Margie Larsen, M. Ed. and Mary Ann Dudko, Ph. D. ; photography by Dennis Full. |
||
| 260 |
_aDrive Allen, Texas : _bThe Lyons Group, _c1996. |
||
| 300 | _a1v. (unp.); ill. | ||
| 440 | _aBarney | ||
| 650 | _aMovements, body-Juvenile literature | ||
| 650 | _agame to play | ||
| 999 |
_c102085 _d102085 |
||